| Tag |
First Indicator |
Second Indicator |
Subfields |
| LEADER |
00000cam a2200000 a 4500 |
| 001 |
in00000030056 |
| 005 |
20151007054850.0 |
| 008 |
880105s1988 nyu 00011 eng |
| 010 |
|
|
|a 87040484
|
| 020 |
|
|
|a 0394561619 :
|c $18.95
|
| 020 |
|
|
|a 0394571088 (lim. ed.)
|
| 035 |
|
|
|a (OCoLC)17385275
|
| 035 |
|
|
|9 AAB6471AM
|
| 040 |
|
|
|a DLC
|c DLC
|d TXA
|d UtOrBLW
|
| 041 |
1 |
|
|a eng
|h spa
|
| 049 |
|
|
|a TXAM
|c [A11110263]
|
| 050 |
0 |
0 |
|a PQ8180.17.A73
|b A813 1988
|
| 082 |
0 |
|
|a 863
|2 19
|
| 100 |
1 |
|
|a García Márquez, Gabriel,
|d 1927-2014.
|
| 240 |
1 |
0 |
|a Amor en los tiempos del cólera.
|l English
|
| 245 |
1 |
0 |
|a Love in the time of cholera /
|c Gabriel García Márquez ; translated from the Spanish by Edith Grossman.
|
| 250 |
|
|
|a 1st American ed.
|
| 264 |
|
1 |
|a New York :
|b Alfred A. Knopf,
|c 1988.
|
| 300 |
|
|
|a 348 pages ;
|c 25 cm.
|
| 336 |
|
|
|a text
|b txt
|2 rdacontent
|
| 337 |
|
|
|a unmediated
|b n
|2 rdamedia
|
| 338 |
|
|
|a volume
|b nc
|2 rdacarrier
|
| 500 |
|
|
|a Translation of: El amor en los tiempos del colera.
|
| 999 |
|
|
|a MARS
|
| 999 |
f |
f |
|s b162f9f7-a91d-31a4-a599-15c2472a5be7
|i 0c86e113-ff04-30e7-92ad-b98c45ba518e
|t 0
|
| 952 |
f |
f |
|p normal
|a Texas A&M University
|b College Station
|c Sterling C. Evans Library
|d Evans: Library Stacks
|t 0
|e PQ8180.17.A73 A813 1988
|h Library of Congress classification
|i unmediated -- volume
|m A14824022584
|
| 952 |
f |
f |
|p normal
|a Texas A&M University
|b Galveston Campus
|c Jack K. Williams Library
|d Galveston Stacks
|t 0
|e PQ8180.17.A73 A813 1988
|h Library of Congress classification
|i unmediated -- volume
|m 33620000816179
|
| 952 |
f |
f |
|p 4_hour
|a Texas A&M University
|b College Station
|c Sterling C. Evans Library
|d Evans: Media and Reserves (Evans 1st floor)
|t 0
|e PQ8180.17.A73 A813 1988
|h Library of Congress classification
|i unmediated -- volume
|m A14836891038
|
| 998 |
f |
f |
|a PQ8180.17.A73 A813 1988
|t 0
|l Evans: Library Stacks
|
| 998 |
f |
f |
|a PQ8180.17.A73 A813 1988
|t 0
|l Evans: Library Stacks
|
| 998 |
f |
f |
|a PQ8180.17.A73 A813 1988
|t 0
|l Galveston Stacks
|